LIBRARY & INFORMATION CENTRE, KCAET, TAVANUR

ONLINE PUBLIC ACCESS CATALOGUE (OPAC)

Advanced learner`s dictionary of current english / (Record no. 10178)

MARC details
000 -LEADER
fixed length control field 00512cam a2200193ua 4500
041 ## - LANGUAGE CODE
Language code of text/sound track or separate title eng
082 ## - DEWEY DECIMAL CLASSIFICATION NUMBER
Classification number 028.73432
Item number HOR/AD
100 ## - MAIN ENTRY--AUTHOR NAME
Personal name Hornby, A S .
245 ## - TITLE STATEMENT
Title Advanced learner`s dictionary of current english /
250 ## - EDITION STATEMENT
Edition statement 2 /
260 ## - PUBLICATION, DISTRIBUTION, ETC. (IMPRINT)
Place of publication London :
Name of publisher English Language Book Society ,
Year of publication 1968.
300 ## - PHYSICAL DESCRIPTION
Number of Pages 1200 ; .
700 1# - ADDED ENTRY--PERSONAL NAME
Personal name Gatenby, E V .
700 1# - ADDED ENTRY--PERSONAL NAME
Personal name Wakefield, H .
942 ## - ADDED ENTRY ELEMENTS (KOHA)
Koha item type Books
Holdings
Withdrawn status Lost status Damaged status Home library Current library Date acquired Full call number Accession Number Koha item type
      KAUAET KAUAET 07/04/2012 028.73432 12920 Reference
      KAUAET KAUAET 07/04/2012 028.73432 2498 Reference
free website counter